000 00323nam a2200133Ia 4500
008 200615s9999||||xx |||||||||||||| ||und||
020 _a9780875849492
082 _a650
_bTHE-J
100 _aJEAN FRANCOIS MANZONI
245 4 _aTHE SET-UP-TO-FAIL-SYNDROME
250 _a1ST
260 _anew delhi
_bHBS
_c2018
942 _cBK
999 _c28457
_d28457